Handbook of Econometrica

Enregistré dans:
Détails bibliographiques
Autres auteurs: Grilicher, Zvi, Intriligator, Michael D.
Format: Livre
Langue:anglais
Publié: Amsterdam Nort-Holland 1986
Édition:1. vyd.
Tags: Ajouter un tag
Pas de tags, Soyez le premier à ajouter un tag!

MARC

LEADER 00000nam a2200000 4500
001 c027331
005 20221220071605.8
041 0 |a eng 
044 |a NL 
245 1 0 |a Handbook of Econometrica  |c Edit. Zvi Grilicher, Michael D. Intriligator 
250 |a 1. vyd. 
264 1 |a Amsterdam  |b Nort-Holland  |c 1986 
300 |a S. 1466-2107 
700 1 |a Grilicher, Zvi 
700 1 |a Intriligator, Michael D.